[Event "World-ch31-KK2 Kasparov-Karpov +5-3=16"]
[Site "Moscow"]
[Date "1985.09.14"]
[Round "5"]
[White "Kasparov, Garry"]
[Black "Karpov, Anatoly"]
[Result "0-1"]
[WhiteElo "2700"]
[BlackElo "2720"]
[Annotator "ChessBase"]
[PlyCount "82"]
[EventDate "1985.09.03"]
[EventType "match"]
[EventRounds "24"]
[EventCountry "URS"]
[SourceTitle "MainBase"]
[Source "ChessBase"]
[SourceDate "1999.07.01"]
[SourceVersion "2"]
[SourceVersionDate "1999.07.01"]
[SourceQuality "1"]

1. e4 e5 2. Nf3 Nc6 3. Bb5 a6 4. Ba4 Nf6 5. O-O Be7 6. Re1 b5 7. Bb3 d6 8. c3
O-O 9. h3 Bb7 10. d4 Re8 11. Nbd2 Bf8 12. a4 Qd7 13. axb5 axb5 14. Rxa8 Bxa8 (
14... Rxa8 $6 15. Ng5 $16) 15. d5 Na5 16. Ba2 $5 {N} c6 17. b4 Nb7 $1 18. c4
Rc8 $5 (18... Nd8 $14) 19. dxc6 $6 (19. c5 $13) (19. Bb2) (19. Qe2 Nd8 20. Bb2
bxc4 21. Nxc4 Qa7 $1 22. Ra1 cxd5 23. exd5 Bxd5 24. Nxd6 Bxd6 25. Bxd5 Qxa1+
26. Bxa1 Rc1+ 27. Kh2 Rxa1 $44) 19... Qxc6 $10 20. c5 $6 (20. Bb2) 20... Nd8
21. Bb2 dxc5 $1 $15 22. bxc5 Qxc5 23. Bxe5 Nd7 24. Bb2 Qb4 $1 25. Nb3 $6 (25.
Qb1) 25... Nc5 $17 26. Ba1 Bxe4 27. Nfd4 Ndb7 28. Qe2 Nd6 29. Nxc5 Qxc5 30. Qg4
Re8 31. Rd1 Bg6 32. Qf4 Qb4 33. Qc1 Be4 34. Re1 Qa5 35. Bb3 Qa8 36. Qb2 b4 37.
Re3 Bg6 38. Rxe8 Qxe8 39. Qc1 Ne4 40. Bd5 Nc5 41. Nb3 Nd3 0-1

[Event "World-ch31-KK2 Kasparov-Karpov +5-3=16"]
[Site "Moscow"]
[Date "1985.09.26"]
[Round "9"]
[White "Kasparov, Garry"]
[Black "Karpov, Anatoly"]
[Result "1/2-1/2"]
[WhiteElo "2700"]
[BlackElo "2720"]
[Annotator "ChessBase"]
[PlyCount "105"]
[EventDate "1985.09.03"]
[EventType "match"]
[EventRounds "24"]
[EventCountry "URS"]
[SourceTitle "MainBase"]
[Source "ChessBase"]
[SourceDate "1999.07.01"]
[SourceVersion "2"]
[SourceVersionDate "1999.07.01"]
[SourceQuality "1"]

1. e4 e5 2. Nf3 Nc6 3. Bb5 a6 4. Ba4 Nf6 5. O-O Be7 6. Re1 b5 7. Bb3 d6 8. c3
O-O 9. h3 Bb7 10. d4 Re8 11. Nbd2 Bf8 12. a4 h6 13. Bc2 Nb8 14. Bd3 c6 15. Nf1
Nbd7 16. Ng3 Qc7 {N} (16... g6 {- 37/385}) 17. Bd2 g6 (17... d5 $2 18. dxe5
Nxe5 19. Nxe5 Qxe5 20. f4 $16) (17... Rad8 $2 18. axb5 axb5 19. c4 $16) 18. Qc1
Kh7 19. b3 $1 (19. h4 $6 h5) (19. Qc2 $6 c5 $1 20. axb5 c4) 19... Bg7 20. Qc2
Nf8 (20... d5 $2 21. Nxe5 Nxe5 22. dxe5 Nxe4 23. Nxe4 dxe4 24. Rxe4 c5 (24...
Bxe5 25. Rh4 Bg7 26. Bxh6) 25. Rg4 Qxe5 26. Bxg6+ fxg6 27. Qxg6+ Kg8 (27... Kh8
28. Bxh6 Re7 29. Bg5) 28. Re1 Qxe1+ 29. Bxe1 Rxe1+ 30. Kh2 Re7 31. Qxh6 $16)
21. Be3 $1 Ne6 22. Rad1 Rac8 23. Bf1 Bf8 24. Rd2 (24. b4 $5 Qb8 25. Qa2 Bg7 26.
dxe5 dxe5 27. c4 $16) 24... Qb8 25. Qb1 Ba8 26. b4 Bb7 27. axb5 $6 (27. Qa2 {
/\ Rb2,c4+/-}) 27... axb5 28. Red1 Qc7 29. Rc1 (29. Qb3 $5) 29... Bg7 30. Rcd1
(30. dxe5 dxe5 31. c4 $14) 30... Rcd8 $1 31. dxe5 (31. Qb3 $6 d5 $1) 31... dxe5
32. Rxd8 Rxd8 33. Rxd8 Nxd8 34. c4 bxc4 35. Bxc4 Ne8 $6 (35... Bc8 $1 36. Qa1
Ne8 37. Qa5 Be6 $1 $10) 36. Qa2 $6 (36. h4) 36... Nd6 $6 (36... Bc8) 37. Bb3
Nb5 38. h4 $1 Nd4 39. Bxd4 exd4 40. h5 Qe7 41. Qd2 $6 c5 42. Qc2 cxb4 43. hxg6+
fxg6 44. Qc4 h5 45. e5 Bxf3 46. gxf3 Bxe5 47. f4 Bxf4 48. Qg8+ Kh6 49. Bc2 Qg7
50. Qxd8 Bxg3 51. fxg3 Qe5 52. Qf8+ Kg5 53. Kg2 1/2-1/2